000 00437nam a22001577a 4500
005 20240917145119.0
008 240917b |||||||| |||| 00| 0 eng d
020 _a0879331844
050 _aREF QE 355.E49 1981
100 _aFRYE KEITH
245 _aTHE ENCYCLOPEDIA OF MINERALOGY
260 _aPENNYSYLVANIA
_bHUTCHINSON ROSS PUBLISHING COMPANY
_c1981
300 _aX,794
650 _aMineralogy--Dictionaries.
942 _2lcc
_cREF
999 _c212328
_d212328